000 00678nam a22002297a 4500
999 _c8615
_d8615
003 AR-CdUCM
008 190325b ||||| |||| 00| 0 spa d
040 _aMUNICIPALIDAD PROVINCIAL DEL CUSCO
_cBIBLIOTECA MUNICIPAL DEL CUSCO
082 _a086 /
_bS29
100 _aScott, Walter
_911249
245 _aObras Inmortales :
_bWalter Scott /
260 _aLima :
_bE.D.A.F.,
_c1969
300 _a1766 páginas ;
_c17 cm
_bIlustraciones
440 _aObras Inmortales
_924087
505 _aContenido: Novela
650 _aNovela
_95
650 _aLiteratura
_9416
650 _aClásicos
_98885
700 _aCarlos de Vergara
_924105
942 _2ddc
_cLIBROS
945 _admma